Quizzes
Events
Quiz Creation
Community
Videos
Private Events
Remove Ads
Sign In
Join for FREE
Feedback
Dark Mode
Quiz Categories
Sports
Geography
Music
Movies
Television
Just For Fun
Miscellaneous
History
Literature
Language
Science
Gaming
Entertainment
Religion
Holiday
For Kids
Quiz Lab
Recent
Popular Today
Quiz Kudos Today
Editor Picks
Curator Picks
Quizzes by...
Day
Popularity
Type
Ratings
Length
Year
Community
Subscriptions
Recent Discussions
Orange Saloon
Badges
Playlists
Quests
Create
Leaderboards
Showdown
Live 5
Trivia Bingo
Activity
Puzzle Library
Sporcle Events
Private Events
Virtual Trivia
Globe League
Become a Host
Pub Owners
SporcleCon
Opinionation
Our Games
Videos
Blog
Mobile Apps
Partnerships
Remove Ads and Go Orange
Feedback
Movies
Disney
Marvel Cinematic Universe
Movie Resume
Movie Titles
Oscar
Actor
Actress
Director
Pixar
Role
Movie Quotes
Movie Characters
Box Office
Nominee
Best Picture
Star Wars
James Bond
Horror Movies
Movies
Disney
Marvel Cinematic Universe
Movie Resume
Movie Titles
Oscar
Actor
Actress
Director
Pixar
Role
Movie Quotes
Movie Characters
Box Office
Nominee
Best Picture
Star Wars
James Bond
Horror Movies
Random Quiz
Search Sporcle
×
Quiz Lab
Quiz Lab
Movies
Numbers
Type in answers that appear in a list
Type in answers that appear in a list
Classic
Best Score? Go Orange.
Name the 6 movie characters drawn by me Stats
Can you name the Name the 6 movie characters drawn by me?
By
Jakimouse
3m
6 Questions
702 Plays
702 Plays
702 Plays
Comments
Comments
Give Quiz Kudos
Give Quiz Kudos
-
- Ratings
hide this ad
Replay
Link that replays current quiz
Next Quiz
Link to next quiz in quiz playlist
You Got
0%
They Got
Avg Score
86%
Avg Friend Score
Upgrade to see
Score Distribution
Jump to the score distribution portion of the page
Score
0/6
Timer
03:00
0
Plays Today
Number
Movie Character
% Correct
4.
Spiderman
99.6%
6.
ET
98.7%
2.
Harry Potter
98.6%
3.
Yoda
92.6%
5.
Buzz Lightyear
89.7%
1.
Austin Powers
39.2%
Quiz Playlist
Details
Report
Send in Message
Add To Playlist
Classic:
Type in answers that appear in a list
Last Updated: Feb 16, 2017
Quiz Scoreboard
CHALLENGE
Sign Up to Join the Scoreboard
Show All
Scores
Hide
Comments
May contain spoilers
Recently Published
An Introduction to Baseball
by treessimontrees
Sports
5m
Movies - When Are They Set?
by FPL_Elf
Movies
5m
Popular People in 1961
by mucciniale
History
6m
More to Explore
Quiz From the Vault
Featured Blog Post
Where Did the Easter Bunny Come From?
hide this ad
You Might Also Like...
Tags
Numbers Quiz
Character
Drawn
Today's Top Quizzes in Movies
Browse Movies
hide this ad
Today's Top Quizzes in Numbers
Browse Numbers
Top Contributed Quizzes in Movies
1
Pick 5 Posters: Directed by Spielberg
2
Pick 5 Posters: Lowest-Rated Spielberg
3
Multi-Oscar Nominations, One Movie, One Winner
4
7-to-1: Pixar Characters
5
12 Movies about Fictional 1960s Events
6
One Thing in Common: Movies
7
Pick 5 Posters: Directed by Scorsese
8
Sunday Crossword: Film Score Composers
9
Pick 5 Posters: Star & Director
10
Sorting Actors
Explore More
Trending Topics
NBA
Crossword
Disney
Harry Potter
Kpop
Marvel
Anime
NFL
Song
Soccer
The Office
Puzzle
Pokémon
WWE
Country
hide this ad
More By:
Jakimouse
Quiz
Plays
Rating
Category
Featured
Created
Name the 6 movie characters drawn by me
702
2.85
Movies
Dec 7, 2010
Characters Drawn by Me!
403
4.00
Entertainment
Feb 11, 2011
Name more movie characters drawn by me
310
3.00
Movies
Dec 9, 2010
Name the MS Paint Musicians or Groups
88
1.25
Music
Aug 8, 2010
Go to Creator's Profile
Score Distribution
Quiz Creator Spotlight
Jakimouse
Follow
Send a Message
Quizzes Created
-
Created Quiz Play Count
-
More By This Creator
Popular Quizzes Today
1
Find the Countries of Europe - No Outlines Minefield
2
Find the US States - No Outlines Minefield
3
The Countries of the World
4
Popular People in 1961
5
US States
6
Find the US States
7
1-10 Letter E Words III
8
Risky Map Clicking: Biggest States A-Z
More Movies Quizzes
Lego Star Wars Holiday Special Characters
Curator's Pick
Trending Quizzes
Risky Map Clicking: Least Populous States A-Z
1-10 Letter F Words
1-10 Letter G Words
One Thing in Common: United Kingdom
Risky Map Clicking: Next State Alphabetically
Recently Updated
Leaping Animals
pecheneg
Reality TV Shows (A-Z)
bhenderson79
Rickey Henderson's Hall of Fame Teammates
pecheneg
Champions League XIs: Arsenal
pecheneg
Quick Pick: Celebrities in WWE's Hall of Fame
aduchscher
A-Z Keypad Blitz II
pecheneg
Multiple Oscar Actors
pecheneg
Mystery Phrase Blitz: Oscar 'Best Actors'
pecheneg
F. Scott Fitzgerald Novels
LTH
Pick 3 Villains
ddd62291
Trending Topics
Marvel
Crossword
Harry Potter
Kpop
Anime
NBA
Disney
Soccer
WWE
Country
Puzzle
NFL
Pokémon
The Office
Song
Your Account Isn't Verified!
In order to create a playlist on Sporcle, you need to verify the email address you used during registration. Go to your
Sporcle Settings
to finish the process.
Report this User
Report this user for behavior that violates our
Community Guidelines
.
Details:
Send Report
Go to the Sporcle.com Mobile Site →
Comments